| 000 | 00481nam a22001697a 4500 | ||
|---|---|---|---|
| 999 |
_c3541 _d3541 |
||
| 003 | GBCCL | ||
| 005 | 20241126110457.0 | ||
| 008 | 171129b xxu||||| |||| 00| 0 eng d | ||
| 040 | _cgbc | ||
| 082 |
_a248 _bBRA |
||
| 100 |
_aBranson, Roy L. _97086 |
||
| 245 |
_aMost Christians don't know: _bWhat every Christian should know/ _cRoy L. Branson |
||
| 260 |
_aCalifornia: _bRoy Branson Publishers, _c1985 |
||
| 300 |
_a149p.; _c20 cm. |
||
| 650 |
_aChristian life _9183 |
||
| 942 |
_2ddc _cBK |
||